| 000 | 00520nam a22001817a 4500 | ||
|---|---|---|---|
| 999 |
_c189199 _d189199 |
||
| 005 | 20220622111911.0 | ||
| 010 | _aENG-133304 | ||
| 020 |
_a9788123773353 _c180.00 |
||
| 035 | _aEN-116836 | ||
| 037 | _bDBAD/PUB | ||
| 082 | _a590 | ||
| 100 | _aGeeta | ||
| 245 |
_aCare of Small Pets/ _cGeeta |
||
| 260 |
_aNew Delhi _bNational Book Trust _c2015 |
||
| 270 |
_aNehru Bhawan, 5 Institutional Area, Phase-II Vasant Kunj _bNew Delhi _e110070 |
||
| 300 |
_a121p. _c21cm(pbk) |
||
| 942 |
_2ddc _cEN _h590 _mGEE |
||